| 000 | 02533nam0a2200385 i 4500 | ||
|---|---|---|---|
| 001 | RU\NLR\BIBL_A\010780673 | ||
| 005 | 20241103111137.0 | ||
| 010 | _a9785880068821 | ||
| 010 |
_a978-5-4464-0057-7 _9500 |
||
| 021 |
_aRU _b2015-35486 _92099 |
||
| 035 | _a(NILC)RuMoRGB-007927876 | ||
| 035 | _a(NLR Aleph) 010780673 | ||
| 090 |
_a10066342 _c10066342 |
||
| 100 | _a20150611d2015 km y0rusy50 ca | ||
| 101 | 0 | _arus | |
| 102 | _aRU | ||
| 105 | _ay z 110yy | ||
| 200 | 1 |
_aЧеловек, образ, слово в контексте исторического времени и пространства _eматериалы Всероссийской научно-практической конференции, 23-24 апреля 2015 года _f[отв. редакторы: Эрлихсон Ирина Мариковна, Лосев Юрий Иванович] |
|
| 210 |
_aРязань _cРязанский государственный университет имени С.А. Есенина _cКонцепция _d2015 |
||
| 215 |
_a282 с. _d20 |
||
| 300 | _aВ надзаг.: М-во образования и науки Российской Федерации, Федеральное гос. бюджет. образоват. учреждение высш. проф. образования "Рязанский гос. ун-т им. С. А. Есенина", Фак. истории и междунар. отношений, Каф. всеобщей истории и междунар. отношений | ||
| 300 | _aНа тит. л.: К столетию Рязанского государственного университета имени С. А. Есенина | ||
| 320 | _aБиблиогр. в конце ст. | ||
| 606 |
_aВсеобщая история _jСъезды, совещания и т.п _91324332 _3RU\NLR\AUTH\66234889 |
||
| 686 | 1 | _aТ3(0)я431 | |
| 702 | 1 |
_aЭрлихсон _bИ. М. _f1981- _gИрина Мариковна _4340 |
|
| 711 | 1 | 2 |
_a"Человек, образ, слово в контексте исторического времени и пространства", всероссийская научно-практическая конференция _eРязань _f2015 _9472584 _3RU\NLR\AUTH\880402816 |
| 801 | 0 |
_aRU _bРГБ _c20150508 _gRCR |
|
| 801 | 2 |
_aRU _bРГБ _c20150514 _grcr |
|
| 801 | 1 |
_aRU _bРГБ _c20150508 _2rusmarc |
|
| 942 | _cBOOK | ||
| 980 | _aNBR | ||